[Event "Linares op"]
[Site "Linares"]
[Date "1995.??.??"]
[Round "?"]
[White "Zarnicki, Pablo"]
[Black "Pogorelov, Ruslan"]
[Result "0-1"]
[WhiteElo "2520"]
[BlackElo "2440"]

1.e4 c5 2.Nf3 Nc6 3.Bb5 g6 4.O-O Bg7 5.Bxc6 dxc6 6.d3 Nf6 7.Nc3 Nd7 8.Nd2 e5
9.f4 exf4 10.Nc4 Nb6 11.Nxb6 axb6 12.Bxf4 O-O 13.Qd2 Be6 14.Bh6 Qd4+ 15.Kh1 b5
16.Bxg7 Kxg7 17.e5 b4 18.Ne4 Qxe5 19.Rae1 h6 20.Nf6 Qg5 21.Qf2 Bf5 22.Qxc5 Qxf6
23.g4 Rfe8 24.Rxe8 Rxe8 25.gxf5 Re2 26.Rg1 b6 27.Qxb6 Qe5 28.Rg3 Qd5+ 29.Kg1 Qxf5
30.h3 Qf4  0-1

[Event "Linares zt"]
[Site "Linares"]
[Date "1995.??.??"]
[Round "1"]
[White "Fernandes, Antonio"]
[Black "Wells, Peter K"]
[Result "1-0"]
[WhiteElo "2380"]
[BlackElo "2545"]

1.e4 c5 2.Nf3 Nc6 3.Bb5 g6 4.O-O Bg7 5.Qe2 Nf6 6.c3 O-O 7.d4 cxd4 8.cxd4 d5
9.e5 Ne4 10.Nc3 Nxc3 11.bxc3 Qa5 12.Bd2 Bg4 13.Rfb1 Qc7 14.Bd3 f6 15.h3 Bxf3
16.Qxf3 fxe5 17.Qxd5+ Kh8 18.Rb5 exd4 19.Rc1 dxc3 20.Bxc3 Qf4 21.Bxg7+ Kxg7
22.Rf1 Rad8 23.Qe4 Rd7 24.Rb2 Ne5 25.Qxf4 Rxf4 26.Bb5 Rc7 27.Re1 Nc4 28.Rc2 a6
29.Bxc4 Rcxc4 30.Rxc4 Rxc4 31.Rxe7+ Kh6 32.Rxb7 Rc2 33.g4 Rxa2 34.h4 g5 35.Rb6+ Kg7
36.hxg5 a5 37.Kg2 Ra3 38.f3 a4 39.Kg3 Rb3 40.Ra6 a3 41.Kf4 Rc3 42.Ke4 Rb3
43.f4 Rg3 44.Kf5 Rb3 45.Ra7+ Kg8 46.Kf6 Rb6+ 47.Ke7 Rb4 48.f5 Kg7 49.Ke6+ Kg8
50.Ra8+  1-0

[Event "Linares zt"]
[Site "Linares"]
[Date "1995.??.??"]
[Round "2"]
[White "Ribeiro, Fernando"]
[Black "Santo Roman, Marc"]
[Result "1-0"]
[WhiteElo "2305"]
[BlackElo "2485"]

1.e4 c5 2.Nf3 Nc6 3.Bb5 g6 4.Bxc6 dxc6 5.d3 Bg7 6.Nc3 e5 7.Be3 Qe7 8.h3 Nf6
9.Qd2 Nd7 10.Bh6 Bxh6 11.Qxh6 f6 12.Nh2 Nf8 13.f4 exf4 14.Qxf4 Ne6 15.Qh4 Nd4
16.O-O-O O-O 17.Rde1 Rf7 18.Rhf1 Bd7 19.Nd1 Re8 20.c3 Nb5 21.Nf3 Be6 22.Ne3 Qd8
23.a4 Nd6 24.Ng4 Bxg4 25.Qxg4 Rfe7 26.Qf4 Nf7 27.Rd1 Re6 28.Nh2 Ne5 29.d4 cxd4
30.cxd4 Nd7 31.e5 Qa5 32.Ng4 Qxa4 33.Kb1 Rf8 34.Nh6+ Kg7 35.Qg4 Qc4 36.Nf5+ Kh8
37.Ne3 Qb3 38.d5 Rxe5  1-0

[Event "Litomysl op"]
[Site "Litomysl"]
[Date "1995.??.??"]
[Round "1"]
[White "Dmitriev, Igor"]
[Black "Frindt, Kornel"]
[Result "1-0"]
[WhiteElo "2450"]
[BlackElo "2150"]

1.e4 c5 2.Nf3 Nc6 3.Bb5 g6 4.O-O Bg7 5.Re1 e5 6.Bxc6 dxc6 7.h3 Qe7 8.b4 cxb4
9.a3 b3 10.cxb3 Nf6 11.a4 O-O 12.Ba3 c5 13.Nc3 Rd8 14.Qb1 a5 15.d3 b6 16.Nd2 Qe6
17.Nc4 Ra7 18.Qc2 Rad7 19.Rad1 Bb7 20.Bc1 Ne8 21.Qe2 Nc7 22.Qf3 Na6 23.Na2 Qc6
24.Qg3 Re8 25.Bb2 Qe6 26.Qg4 h5 27.Qg5 Bf6 28.Qc1 Bg7 29.Qa1 g5 30.Qc1 Qg6
31.Re3 Re6 32.Rg3 f6 33.Ne3 Kh7 34.Nf5 Bf8 35.h4 g4 36.f3 Re8 37.fxg4 hxg4
38.Qe3 Red8 39.Qe2 Nb4 40.Nxb4 cxb4 41.Rxg4 Qf7 42.Rg3 Ba6 43.Kh2 b5 44.d4 exd4
45.axb5 d3 46.Qe3 Bxb5 47.Qb6 a4 48.Qxb5 a3 49.Ba1 Qxb3 50.Ne3 Rg7 51.Qf5+ Kg8
52.Ng4 Bd6 53.Nxf6+ Kf8 54.Nd5+ Rf7 55.Bg7+  1-0

[Event "Litomysl op"]
[Site "Litomysl"]
[Date "1995.??.??"]
[Round "2"]
[White "Oral, Tomas"]
[Black "Ciuksyte, Dagne"]
[Result "1-0"]
[WhiteElo "2410"]
[BlackElo "2225"]

1.e4 c5 2.Nf3 Nc6 3.Bb5 g6 4.Bxc6 dxc6 5.h3 Bg7 6.d3 e5 7.Be3 Qe7 8.Nc3 Nf6
9.Qd2 O-O 10.Bh6 Re8 11.Bxg7 Kxg7 12.O-O b6 13.Nh2 Ba6 14.f4 c4 15.fxe5 Qxe5
16.d4 Qe7 17.e5 Ng8 18.Ng4 Rad8 19.Rf2 Bc8 20.Nf6 Rf8 21.Nce4 h6 22.Raf1 Be6
23.Nd6 Rxd6 24.exd6 Qxd6 25.Qe3 Nxf6 26.Rxf6 Rd8 27.c3 Qd5 28.R6f4 Re8 29.Qf3 Qxf3
30.R4xf3 Bd5 31.Rf6 Re2 32.R1f2 Rxb2 33.Rxf7+ Bxf7 34.Rxb2 Kf6 35.Kf2 Bd5
36.Re2 a5 37.a4 b5 38.Ke3 Ke6 39.Kd2+ Kd7 40.Kc2 b4 41.g4 b3+ 42.Kb2 Kd8
43.Re5 Kd7 44.h4 Kd8 45.h5 g5 46.Rf5 Ke7 47.Ka3 Be6 48.Rxa5 Bxg4 49.Rc5 Be6
50.a5 g4 51.a6 g3 52.Re5 g2 53.Re1 c5 54.a7  1-0

[Event "Litomysl op"]
[Site "Litomysl"]
[Date "1995.??.??"]
[Round "3"]
[White "Dmitriev, Igor"]
[Black "Zambor, Norbert"]
[Result "1/2-1/2"]
[WhiteElo "2450"]
[BlackElo "2155"]

1.e4 c5 2.Nf3 Nc6 3.Bb5 g6 4.O-O Bg7 5.Re1 e5 6.Bxc6 dxc6 7.h3 Nh6 8.d3 f6
9.Nc3 Nf7 10.Be3 b6 11.a3 a5 12.Na4 Rb8 13.Qd2 O-O 14.b4 cxb4 15.axb4 b5
16.Nc5 a4 17.d4 f5 18.exf5 Bxf5 19.Rad1 Qd5 20.Nxe5 Nxe5 21.dxe5 Bxe5 22.g4 Qxd2
23.Bxd2 Bxc2 24.Rc1 Bd4 25.Be3 Bxe3 26.Rxe3 Bb3 27.Nd7 Bd5 28.Re7 Rbe8 29.Rxe8 Rxe8
30.Nf6+ Kf7 31.Nxe8 Kxe8 32.Rc3 Kd7 33.f4 Bc4 34.Kf2 Kd6 35.Ke3 c5 36.bxc5+ Kxc5
37.f5 gxf5 38.gxf5 Kd6 39.Kd4 Bf7 40.Rc5 Bc4 41.Rc8 a3 42.Ra8 a2 43.Ra6+ Ke7
44.h4 h5 45.Kc3 Bd5 46.Kb4 Bc4 47.Kc5 Kf7 48.Kd4 Bb3 49.Ke5 Ba4 50.Ra7+ Kf8
51.Ra8+ Kf7 52.Ra7+ Kf8  1/2-1/2

[Event "Litomysl op"]
[Site "Litomysl"]
[Date "1995.??.??"]
[Round "5"]
[White "Svobodova, Michaela"]
[Black "Michenka, Jozef"]
[Result "1/2-1/2"]
[WhiteElo "2155"]
[BlackElo "2375"]

1.e4 c5 2.Nf3 Nc6 3.Bb5 g6 4.Bxc6 dxc6 5.h3 Nf6 6.d3 Bg7 7.Nc3 O-O 8.Be3 b6
9.Qd2 Ne8 10.Bh6 Nc7 11.h4 f6 12.O-O-O Ne6 13.Ne2 Nd4 14.Nexd4 cxd4 15.Rdg1 c5
16.g4 Rf7 17.Bxg7 Rxg7 18.Nh2 Be6 19.f4 c4 20.dxc4 Bxc4 21.Nf3 Qc7 22.h5 Rd8
23.g5 Bxa2 24.hxg6 hxg6 25.f5 d3 26.c3 Bf7 27.gxf6 exf6 28.Qh6 Kf8 29.Qh8+ Rg8
30.Qxf6 d2+ 31.Kd1 Rd6 32.Qe5 Bb3+ 33.Ke2 d1=Q+ 34.Rxd1 Bxd1+ 35.Rxd1 Qc4+
36.Ke1 Rxd1+ 37.Kxd1 Qc6 38.Nd4 Qd7 39.Qf6+ Ke8 40.fxg6 Qg4+ 41.Kc1 Rxg6
42.Qe5+ Kf7 43.Qc7+ Kf6 44.e5+ Kg5 45.e6 Qg1+ 46.Kc2 Qg2+ 47.Kb3 Qd5+ 48.Qc4 Qxc4+
49.Kxc4 Kf6 50.Kd5 Rg1 51.Kc6 Rb1 52.Kd7 Re1 53.Kc6 Rb1 54.Kd7 Rd1 55.Kc6 Rb1  1/2-1/2

[Event "Litomysl op"]
[Site "Litomysl"]
[Date "1995.??.??"]
[Round "5"]
[White "Klima, Lukas"]
[Black "Weglarz, Leszek"]
[Result "0-1"]
[WhiteElo "2235"]
[BlackElo "2350"]

1.e4 c5 2.Nf3 Nc6 3.Bb5 g6 4.O-O Bg7 5.c3 e5 6.Re1 Nge7 7.d4 cxd4 8.cxd4 exd4
9.Bg5 h6 10.Bh4 a6 11.Ba4 g5 12.Bg3 b5 13.Bb3 d6 14.e5 dxe5 15.Nxe5 Nxe5
16.Bxe5 O-O 17.Nd2 Ng6 18.Bxg7 Kxg7 19.Nf3 d3 20.Ne5 Nxe5 21.Rxe5 Qf6 22.Re3 Bf5
23.Qd2 Bg6 24.Rae1 Rad8 25.h3 Rd7 26.a3 Rfd8 27.Ba2 Rd4 28.Bb1 Qd6 29.Rd1 b4
30.axb4 Qxb4 31.Kf1 Qb3 32.Rc1 Qd5 33.Rc3 a5 34.Ra3 a4 35.Rc3 Qd6 36.Kg1 Qb4  0-1

[Event "EUCup f"]
[Site "Ljubljana"]
[Date "1995.??.??"]
[Round "1"]
[White "Gelfand, Boris"]
[Black "Sveshnikov, Evgeny"]
[Result "0-1"]
[WhiteElo "2685"]
[BlackElo "2580"]

1.e4 c5 2.Nf3 Nc6 3.Bb5 e6 4.O-O Nge7 5.c3 d5 6.exd5 Qxd5 7.Re1 Bd7 8.Na3 Ng6
9.Bf1 Be7 10.d4 cxd4 11.Nb5 Rc8 12.Nfxd4 Nxd4 13.Nxd4 Qa5 14.g3 O-O 15.Bg2 e5
16.Nc2 Bc6 17.Bxc6 bxc6 18.h4 Rfe8 19.Qg4 Nf8 20.Ne3 Qc7 21.Nf5 Bf6 22.Be3 Ne6
23.Nh6+ Kh8 24.Qf5 Nf8 25.Ng4 Re6 26.Nxf6 Rxf6 27.Qe4 Re6 28.Rad1 Nd7 29.Rd2 Nf6
30.Qa4 a5 31.Bc5 h6 32.Qd1 Rce8 33.Rd6 Kg8 34.c4 Qc8 35.Rd2 h5 36.Qf3 e4
37.Qc3 Ng4 38.Rde2 Qc7 39.Kg2 f5 40.Be3 Rd8 41.Bf4 Qa7 42.Rd2 Ree8 43.Ree2 Qc5
44.b3 Rxd2 45.Qxd2 a4 46.Bd6 Qa7 47.Qg5 Qf7 48.Bf4 Re7 49.bxa4 Ne5 50.Bxe5 Rxe5
51.Rd2 Kh7 52.Rd6 Rc5 53.a5 Rxa5 54.Rxc6 Rxa2 55.Qf4 Ra5 56.Qd6 Ra2 57.Qe5 Ra3
58.Rd6 Rf3 59.c5 Qa2 60.Qd4 e3  0-1

[Event "Ljubljana op"]
[Site "Ljubljana"]
[Date "1995.??.??"]
[Round "2"]
[White "Mencinger, Vojko"]
[Black "Muhtarov, Leonid"]
[Result "1-0"]
[WhiteElo "2390"]
[BlackElo "2205"]

1.e4 c5 2.Nf3 Nc6 3.Bb5 Qb6 4.Nc3 e6 5.Bxc6 Qxc6 6.d4 cxd4 7.Nxd4 Qc7 8.O-O Nf6
9.Re1 d6 10.Bg5 Be7 11.Bxf6 gxf6 12.Nf5 Bd7 13.Qf3 Qc5 14.Nxe7 Kxe7 15.e5 f5
16.exd6+ Kf8 17.Qxb7 Rd8 18.Rad1 Rg8 19.Qc7 Qb6 20.Qxb6 axb6 21.f3 Rc8 22.Rd4 Rc5
23.Rb4 b5 24.Rd1 Kg7 25.Kf2 Rgc8 26.f4 Rc4 27.Rd4 R4c5 28.g3 h5 29.h4 f6
30.a4 e5 31.Rd2 bxa4 32.Rb7 Rd8 33.Nxa4  1-0

[Event "Ljubljana op"]
[Site "Ljubljana"]
[Date "1995.??.??"]
[Round "3"]
[White "Kristovic, Marijan"]
[Black "Kodric, Martin"]
[Result "0-1"]
[WhiteElo "2290"]
[BlackElo "2245"]

1.e4 c5 2.Nf3 Nc6 3.Bb5 g6 4.c3 Nf6 5.Qe2 Bg7 6.O-O b6 7.d4 Bb7 8.Bg5 O-O
9.Nbd2 cxd4 10.cxd4 a6 11.Bxc6 Bxc6 12.Rfc1 Bb7 13.Rc2 Rc8 14.Rac1 Rxc2 15.Rxc2 Qa8
16.d5 d6 17.Rc7 Rc8 18.Qc4 Qb8 19.Rxc8+ Qxc8 20.Qxc8+ Bxc8 21.Be3 b5 22.Bd4 Bb7
23.b3 Kf8 24.Kf1 Ng4 25.h3 Nh2+ 26.Ke2 Nxf3 27.Bxg7+ Kxg7 28.gxf3 Bc8 29.h4 Kh6
30.b4 Kh5 31.Nb3 Kxh4 32.Nd4 Kg5 33.Ke3 h5 34.f4+ Kg4 35.Nc6 h4 36.Nxe7 h3
37.Nxc8 h2 38.Nxd6 h1=Q 39.Nb7 Qc1+ 40.Kd3 Qc4+ 41.Ke3 Qc3+ 42.Ke2 Qxb4  0-1

[Event "Ljubljana op"]
[Site "Ljubljana"]
[Date "1995.??.??"]
[Round "6"]
[White "Barle, Janez"]
[Black "Muhtarov, Leonid"]
[Result "1-0"]
[WhiteElo "2450"]
[BlackElo "2205"]

1.e4 c5 2.Nf3 Nc6 3.Bb5 Qb6 4.Na3 a6 5.Bxc6 Qxc6 6.O-O d6 7.d4 cxd4 8.Nxd4 Qxe4
9.Nc4 Qg6 10.Qf3 Qg4 11.Qc3 Be6 12.Nb6 Rd8 13.h3 Qg6 14.f4 Bf5 15.g4 Be4
16.f5 Qf6 17.Bf4 g5 18.fxg6 Qxg6 19.Qc4 Bg7 20.Qa4+ Kf8 21.Nf3 Bc6 22.Qb3 Qe4
23.Bg3 Bd4+ 24.Bf2 Qxf3 25.Qxf3 Bxf3 26.Bxd4 e5 27.Rxf3 exd4 28.Raf1 f6 29.Nd5 Kg7
30.Rf4 Rf8 31.Rxd4 h5 32.Nf4 Kh6  1-0

[Event "ESP-chJ"]
[Site "Los Barrios"]
[Date "1995.??.??"]
[Round "4"]
[White "Garrido, Daniel"]
[Black "Castany Pampalona, Luis Maria"]
[Result "1/2-1/2"]
[WhiteElo "2190"]
[BlackElo "2095"]

1.e4 c5 2.Nf3 Nc6 3.Bb5 g6 4.O-O Bg7 5.c3 Nf6 6.Re1 O-O 7.h3 Qb6 8.Bf1 d6
9.Na3 Nd7 10.Nc4 Qc7 11.d4 b5 12.Ne3 Rb8 13.Nd5 Qd8 14.a4 a6 15.axb5 axb5
16.Be3 e6 17.Nf4 b4 18.Nd3 bxc3 19.bxc3 cxd4 20.cxd4 Nf6 21.Qc1 Bb7 22.Bh6 Ne7
23.Bxg7 Kxg7 24.e5 dxe5 25.dxe5 Nd7 26.Ng5 h6 27.Ne4 Bxe4 28.Rxe4 Rc8 29.Rc4 Rxc4
30.Qxc4 Qb8 31.Qd4 Nd5 32.g3 Qb6 33.Qc4 Qb8 34.Bg2 Nxe5 35.Qd4 f6 36.Nc5 Nc7
37.Qd6 Re8 38.Re1 Nf7 39.Qc6 Ne5 40.Qd6  1/2-1/2

[Event "POL-chT"]
[Site "Lubniewice"]
[Date "1995.??.??"]
[Round "1"]
[White "Erenska Radzewska, Hanna"]
[Black "Slabek, Agnieszka"]
[Result "1-0"]
[WhiteElo "2230"]
[BlackElo "2110"]

1.e4 c5 2.Nf3 Nc6 3.Bb5 e6 4.Bxc6 bxc6 5.O-O Qc7 6.b3 d6 7.d3 Be7 8.Nc3 Bf6
9.e5 dxe5 10.Bb2 Be7 11.Ne4 f6 12.Qd2 Nh6 13.Ba3 O-O 14.Bxc5 Nf5 15.Qc3 Bd7
16.a4 Be8 17.Qc4 Bf7 18.Rfe1 Rfd8 19.a5 Rd7 20.Bxe7 Rxe7 21.Nc5 Rd8 22.b4 Nd4
23.Nd2 Nb5 24.Nde4 Qc8 25.a6 Rd4 26.Qb3 Nc7 27.Qa4 Nd5 28.c3 Nb6 29.Qa3 Rd8
30.Red1 f5 31.Ng5 h6 32.Nxf7 Kxf7 33.Re1 Nd7 34.Nb7 Rg8 35.Nd6+  1-0

[Event "POL-chT"]
[Site "Lubniewice"]
[Date "1995.??.??"]
[Round "2"]
[White "Gdanski, Jacek"]
[Black "Protaziuk, Grzegorz"]
[Result "1/2-1/2"]
[WhiteElo "2480"]
[BlackElo "2285"]

1.e4 c5 2.Nf3 Nc6 3.Bb5 d6 4.O-O Bd7 5.c3 Nf6 6.Re1 a6 7.Ba4 c4 8.Bc2 e6
9.b3 b5 10.a4 Na5 11.b4 Nc6 12.axb5 axb5 13.Rxa8 Qxa8 14.Na3 Na7 15.d3 cxd3
16.Bxd3 Be7 17.Be3 O-O 18.Bxa7 Qxa7 19.Nxb5 Bxb5 20.Bxb5 Rc8 21.Nd4 Rxc3
22.Nc6 Qb7 23.Nxe7+ Qxe7 24.Qa1 Qc7 25.Qa8+ Qc8 26.Qxc8+ Rxc8 27.Bf1 Kf8
28.b5 Ke7 29.g3 Rc3 30.e5 dxe5 31.Rxe5 Rb3 32.Rc5 Ne4 33.Rc7+ Kf6 34.Rc2 Nc3
35.h4 Nxb5 36.Bxb5 Rxb5 37.Rc7 h6 38.Kg2 g5 39.hxg5+ hxg5 40.Rc4 Ke5 41.g4 Rd5
42.Kg3 Rd3+ 43.f3 f5 44.gxf5 exf5 45.Rc5+ Ke6 46.Kf2 Rd2+ 47.Ke1 Ra2 48.Rb5 Kf6
49.Kf1 Rc2 50.Ra5 Ke6 51.Ke1 Rb2 52.Kf1 Rd2 53.Ke1 Rd5 54.Ra2 Ke5 55.Kf2 f4
56.Re2+ Kd4 57.Re8 Kd3 58.Ra8 Kc2 59.Rc8+ Kd1 60.Rg8 Rd2+ 61.Kf1 Rd5  1/2-1/2

[Event "POL-chT"]
[Site "Lubniewice"]
[Date "1995.??.??"]
[Round "3"]
[White "Typek, Konrad"]
[Black "Witkowski, Stefan"]
[Result "1/2-1/2"]
[WhiteElo "2410"]
[BlackElo "2270"]

1.e4 c5 2.Nf3 Nc6 3.Bb5 g6 4.O-O Bg7 5.Re1 Nh6 6.c3 O-O 7.d4 cxd4 8.cxd4 d5
9.exd5 Nb4 10.Nc3 Nxd5 11.Bg5 Be6 12.Ba4 Nf5 13.Bb3  1/2-1/2

[Event "POL-chT"]
[Site "Lubniewice"]
[Date "1995.??.??"]
[Round "4"]
[White "Grabarczyk, Bogdan"]
[Black "Weglarz, Leszek"]
[Result "1-0"]
[WhiteElo "2370"]
[BlackElo "2300"]

1.e4 c5 2.Nf3 Nc6 3.Bb5 g6 4.Bxc6 bxc6 5.O-O Bg7 6.Re1 e5 7.b4 cxb4 8.a3 b3
9.cxb3 Ne7 10.Bb2 d6 11.d4 exd4 12.Bxd4 f6 13.b4 O-O 14.Nc3 Be6 15.Qd2 Qd7
16.Be3 Rfd8 17.Rad1 Bb3 18.Rb1 Bf7 19.Qd3 Qb7 20.Bd4 Rd7 21.Qe3 Rf8 22.h4 h5
23.Ne2 d5 24.e5 Nf5 25.Qc3 fxe5 26.Bxe5 Bxe5 27.Nxe5 d4 28.Qd2 Rd6 29.Ng3 Nxg3
30.fxg3 Bd5 31.Kh2 Rdf6 32.Nd3 Qg7 33.Nf4 Rf5 34.Rbd1 g5 35.Nxh5 Qf7 36.g4 Rf2
37.Qxg5+ Kh8 38.Rd2 Qc7+ 39.Kg1 Qf7 40.Qe5+ Kg8 41.Qxd4  1-0

[Event "POL-chT"]
[Site "Lubniewice"]
[Date "1995.??.??"]
[Round "5"]
[White "Weglarz, Leszek"]
[Black "Morchat, Miroslaw"]
[Result "1/2-1/2"]
[WhiteElo "2300"]
[BlackElo "2240"]

1.e4 c5 2.Nf3 Nc6 3.Bb5 g6 4.O-O Bg7 5.Re1 Nf6 6.Nc3 O-O 7.d4 cxd4 8.Nxd4 Nxd4
9.Qxd4 d6 10.Bg5 Be6 11.Qd2 Rc8 12.Rad1 a6 13.Bf1 Qb6 14.Na4 Qc6 15.Nc3 Qb6
16.Na4 Qc6 17.Nc3  1/2-1/2

[Event "POL-chT"]
[Site "Lubniewice"]
[Date "1995.??.??"]
[Round "7"]
[White "Zolnierowicz, Krzysztof"]
[Black "Przewoznik, Jan"]
[Result "1/2-1/2"]
[WhiteElo "2340"]
[BlackElo "2390"]

1.e4 c5 2.Nf3 Nc6 3.Bb5 e6 4.O-O Nge7 5.b3 Nd4 6.Nxd4 cxd4 7.c3 a6 8.Bd3 Nc6
9.cxd4 Nxd4 10.Bb2 Bc5 11.Nc3 d6 12.Ne2 Qb6 13.Kh1 Bd7 14.f4 Nxe2 15.Qxe2 Bd4
16.Bc3 O-O 17.f5 exf5 18.exf5 Rae8 19.Bxd4 Qxd4 20.Qf3 Bc6 21.Qg3 Qf6 22.h3 Re5
23.Kh2 Rfe8 24.Rac1 h6 25.Rf2 Re1 26.Rf1 Rxc1 27.Rxc1 Re5 28.Rf1 Rd5 29.Rf2 Rd4
30.Rf4 Rxf4 31.Qxf4 Qe5 32.g3 Qd5 33.Qf1 h5 34.h4 Kf8 35.Kh3 Bd7 36.Kh2 Qd4
37.Qe2 Bc6 38.Bc4 Qa1 39.Qf1 Qxa2 40.Qf4 Qb1 41.Qxd6+ Kg8 42.Bd5 Qxf5 43.Bxc6 bxc6
44.Qxc6 Qf2+ 45.Kh3 Qg1 46.Qc8+ Kh7 47.Qf5+ Kg8  1/2-1/2

[Event "POL-chT"]
[Site "Lubniewice"]
[Date "1995.??.??"]
[Round "10"]
[White "Bus, Mariusz"]
[Black "Ciemniak, Robert"]
[Result "1/2-1/2"]
[WhiteElo "2380"]
[BlackElo "2395"]

1.e4 c5 2.Nf3 Nc6 3.Bb5 e6 4.Bxc6 bxc6 5.b3 f6 6.O-O Nh6 7.Re1 Nf7 8.Bb2 Be7
9.c3 O-O 10.d4 a5 11.Ba3 cxd4 12.cxd4 Bb4 13.Bxb4 axb4 14.a4 bxa3 15.Rxa3 Rxa3
16.Nxa3 Qa5 17.Nc4 Qb4 18.e5 Ba6 19.Nfd2 Bxc4 20.Nxc4 f5 21.Re3 Ra8 22.Qe1 Qb5
23.h3 Ra2 24.Qc3 h6 25.Re1 Qa6 26.Qb4 Ra1 27.Kh2 Rxe1 28.Qxe1 Qa2 29.Qe3 Kf8
30.Nb6 Ke8 31.Na4 Qc2 32.Nc5 g5 33.g3 h5 34.Kg2 Qd1  1/2-1/2

[Event "Lvov"]
[Site "Lvov"]
[Date "1995.??.??"]
[Round "1"]
[White "Yandemirov, Valeri"]
[Black "Filipenko, Alexander V"]
[Result "1/2-1/2"]
[WhiteElo "2460"]
[BlackElo "2420"]

1.e4 c5 2.Nf3 Nc6 3.Bb5 e6 4.Bxc6 bxc6 5.d3 Be7 6.O-O Qc7 7.e5 f6 8.Bf4 Qd8
9.Nbd2 fxe5 10.Nxe5 Nf6 11.Ndc4 O-O 12.Bd2 Qe8 13.f4 d6 14.Nf3 Nd5 15.Ng5 Nb6
16.b3  1/2-1/2

[Event "Lvov"]
[Site "Lvov"]
[Date "1995.??.??"]
[Round "5"]
[White "Yandemirov, Valeri"]
[Black "Galliamova, Alisa"]
[Result "1/2-1/2"]
[WhiteElo "2460"]
[BlackElo "2475"]

1.e4 c5 2.Nf3 Nc6 3.Bb5 e6 4.O-O Nge7 5.Nc3 a6 6.Bxc6 Nxc6 7.d4 cxd4 8.Nxd4 d6
9.Re1 Bd7 10.Nxc6 Bxc6 11.Nd5 Be7 12.Nxe7 Qxe7 13.b3 O-O 14.Ba3 Rfd8 15.Qd2 e5
16.Rad1 Rd7 17.c4 Qe6 18.Qd3 Rad8 19.Rd2 g6 20.f3 f5 21.exf5 Qxf5 22.Qc3 d5
23.Rxe5 d4 24.Qa5 Qf4 25.Ree2 Kf7 26.Qc5 d3 27.Re7+ Kg8 28.Re3 Rd4 29.Qe5 Qxe5
30.Rxe5 R4d7 31.Kf2 Kf7 32.Bc5 b5 33.cxb5 Bxb5 34.Bb4 Rc8 35.a4 Bc6 36.Rc5 Bb7
37.Rxc8 Bxc8 38.Bc5 h5 39.Ke3 Rb7 40.b4 Bd7 41.Rxd3 Bxa4 42.Rd6 Re7+ 43.Kf2 Re6
44.Rd8 Bb5 45.h4 Re8 46.Rd2 Rc8 47.Be3 Rc4 48.Rd6 Rc6 49.Rd2 Rc4 50.Kg3 Rxb4
51.Rd6 Be8  1/2-1/2

[Event "Madras zt"]
[Site "Madras"]
[Date "1995.??.??"]
[Round "8"]
[White "Safarzadeh, Esmail"]
[Black "Amarawickrama, Himan Uddama"]
[Result "1-0"]
[WhiteElo "2275"]
[BlackElo "2000"]

1.e4 c5 2.Nf3 Nc6 3.Bb5 g6 4.O-O Bg7 5.c3 e5 6.Na3 Nge7 7.Nc2 O-O 8.b4 cxb4
9.d4 exd4 10.cxd4 d5 11.e5 Bf5 12.a3 Qb6 13.Bxc6 Nxc6 14.Nxb4 Nxb4 15.axb4 Rfc8
16.Ra5 Be4 17.Qb3 Rc4 18.Bd2 Bxf3 19.Qxf3 Rxd4 20.Bc3 Rc4 21.Rxd5 Rac8 22.Bd2 Qe6
23.Re1 Bf8 24.b5 b6 25.Qd3 R4c5 26.Rd7 Rxe5 27.Rxe5 Qxe5 28.Rxa7 Rc5 29.h3 Rxb5
30.Ra8 Kg7 31.Bc3 Rb1+ 32.Qxb1 Qxc3 33.Qxb6 Qc1+ 34.Kh2 Bc5 35.Qb8 Qc2 36.Qg8+ Kh6
37.Qxf7 Qxf2 38.Qxf2 Bxf2 39.g3 Kg7 40.Kg2 Bd4 41.Rd8 Bc5 42.Rd7+ Kg8 43.Kf3 Ba3
44.Ke4 Bb2 45.Kd5 Bf6 46.Ke6 Bc3 47.h4 Be1 48.Kf6 Bc3+ 49.Kg5 Bb2 50.g4 Bc1+
51.Kf6 Bb2+ 52.Ke6 Bc1 53.h5 gxh5 54.gxh5 h6 55.Kf6 Bf4 56.Rf7 Bd2 57.Kg6 Be3
58.Re7 Bc5 59.Re8+ Bf8 60.Rd8  1-0

[Event "CRO-chT"]
[Site "Makarska Tucepi"]
[Date "1995.??.??"]
[Round "?"]
[White "Brigljevic, Milan"]
[Black "Jurkovic, Hrvoje"]
[Result "0-1"]
[WhiteElo "2305"]
[BlackElo "2355"]

1.e4 c5 2.Nf3 Nc6 3.Bb5 Na5 4.d4 a6 5.Be2 cxd4 6.Nxd4 e5 7.Nf3 d6 8.c4 Nf6
9.Nc3 Be7 10.O-O O-O 11.b3 h6 12.Ne1 Be6 13.Be3 Rc8 14.Rc1 b6 15.f3 Nb7 16.Nd3 Nc5
17.Nb2 Bd7 18.b4 Ne6 19.Nd5 Nxd5 20.cxd5 Nf4 21.Bxf4 exf4 22.Rxc8 Qxc8 23.Qd2 b5
24.Nd3 g5 25.Rc1 Qb8 26.Qb2 Rc8 27.Rxc8+ Qxc8 28.h4 f6 29.hxg5 hxg5 30.Kf1 Kg7
31.Qc1 Qb8 32.Ne1 Bd8 33.Nc2 Bb6 34.Qd2 Qh8 35.Nd4 Qh1+ 36.Kf2 Qa1  0-1

[Event "CRO-chT"]
[Site "Makarska Tucepi"]
[Date "1995.??.??"]
[Round "?"]
[White "Paraminski, Albina"]
[Black "Zelic, Marina"]
[Result "1-0"]
[WhiteElo "2170"]
[BlackElo "2035"]

1.e4 c5 2.Nf3 Nc6 3.Bb5 g6 4.O-O Bg7 5.Bxc6 dxc6 6.h3 e5 7.d3 Ne7 8.Be3 Qd6
9.Nbd2 b5 10.Nb3 c4 11.dxc4 Qb4 12.Bc5 Qxc4 13.Ng5 Bf6 14.Qd6 Bxg5 15.Qxe5 O-O
16.Qxg5 f6 17.Qf4 Qf7 18.Qc7 Re8 19.Rfd1 Be6 20.Bxe7 Rxe7 21.Qxc6 Rc8 22.Qxb5 Rxc2
23.Rd8+ Kg7 24.Rb1 Bc4 25.Qa4 Rxe4 26.Rd7 Re7 27.Rxe7 Qxe7 28.Nd4 Rxb2 29.Rxb2 Qe1+
30.Kh2 Qe5+ 31.g3 Qxd4 32.Rc2 Qb6 33.Qxc4 Kh6 34.Qf4+ g5 35.Qc7  1-0

[Event "CRO-chT"]
[Site "Makarska Tucepi"]
[Date "1995.??.??"]
[Round "?"]
[White "Paraminski, Albina"]
[Black "Bazaj Bockai, Snjezana"]
[Result "1-0"]
[WhiteElo "2170"]
[BlackElo "2180"]

1.e4 c5 2.Nf3 Nc6 3.Bb5 Nf6 4.Bxc6 bxc6 5.Nc3 Ba6 6.d3 Qc7 7.O-O g6 8.Be3 c4
9.d4 Bg7 10.Qc1 O-O 11.Re1 Rfe8 12.h3 d6 13.Bh6 Bh8 14.Bf4 Nh5 15.Bh2 e6
16.e5 dxe5 17.dxe5 f5 18.exf6 Qf7 19.Ne4 Bxf6 20.Nd6 Qg7 21.Nxe8 Rxe8 22.Be5 c5
23.Qe3 Bb7 24.Bxf6 Qxf6 25.Qe5 Qxe5 26.Nxe5 Nf4 27.f3 c3 28.bxc3 Ba6 29.c4 Rb8
30.Rab1 Rxb1 31.Rxb1 Ne2+ 32.Kf2 Nc3 33.Rb3 Nxa2 34.Ra3 Nb4 35.c3  1-0

[Event "CRO-chT"]
[Site "Makarska Tucepi"]
[Date "1995.??.??"]
[Round "?"]
[White "Brigljevic, Milan"]
[Black "Kurajica, Bojan"]
[Result "0-1"]
[WhiteElo "2305"]
[BlackElo "2595"]

1.e4 c5 2.Nf3 Nc6 3.Bb5 e6 4.Bxc6 bxc6 5.O-O f6 6.c4 Nh6 7.Nc3 e5 8.d3 Nf7
9.Ne1 d6 10.f4 g6 11.Kh1 exf4 12.Bxf4 Bg7 13.Qa4 Bd7 14.b4 f5 15.Rc1 cxb4
16.Qxb4 O-O 17.Nf3 Rb8 18.Qa3 fxe4 19.Nxe4 Bb2 20.Qxa7 Bxc1 21.Rxc1 Bf5 22.Nfg5 h6
23.Bxd6 hxg5 24.Bxb8 Bxe4 25.dxe4 Qxb8 26.Qc5 Qf4 27.Rd1 Ne5 28.h3 g4 29.Qe7 g3
30.Qe6+ Kh8 31.Rg1 Nd3  0-1

[Event "Capablanca mem-B"]
[Site "Matanzas"]
[Date "1995.??.??"]
[Round "2"]
[White "Galego, Luis"]
[Black "Hernandez, Roman"]
[Result "1/2-1/2"]
[WhiteElo "2435"]
[BlackElo "2435"]

1.e4 c5 2.Nf3 Nc6 3.Bb5 g6 4.O-O Bg7 5.Qe2 Nf6 6.e5 Nd5 7.Qc4 Nc7 8.Bxc6 dxc6
9.Qxc5 Bg4 10.Nd4 O-O 11.Nb3 a5 12.Qc4 Be6 13.Qe2 a4 14.Nc5 Qd4  1/2-1/2

[Event "Capablanca mem-B"]
[Site "Matanzas"]
[Date "1995.??.??"]
[Round "4"]
[White "Garcia, Osmel"]
[Black "Hernandez, Roman"]
[Result "1/2-1/2"]
[WhiteElo "2345"]
[BlackElo "2435"]

1.e4 c5 2.Nf3 Nc6 3.Bb5 g6 4.c3 Nf6 5.Qe2 Bg7 6.O-O a6 7.Bxc6 dxc6 8.d3 O-O
9.Nbd2 a5 10.a4 Nd7 11.Nc4 e5 12.Nd6 Qe7 13.Nxc8 Raxc8 14.Nd2 b6 15.Nc4  1/2-1/2

[Event "Fide Mercenarios 2nd"]
[Site "MEX"]
[Date "1995.??.??"]
[Round "?"]
[White "Casillas, Jose J"]
[Black "Gonzalez, Roberto"]
[Result "1-0"]
[WhiteElo "2165"]
[BlackElo "2200"]

1.e4 c5 2.Nf3 Nc6 3.Bb5 g6 4.O-O Bg7 5.Re1 Nf6 6.c3 O-O 7.d4 cxd4 8.cxd4 d5
9.e5 Ne8 10.Nc3 Nc7 11.Bf1 Bg4 12.Be3 f6 13.exf6 Bxf6 14.Be2 Bg7 15.h3 Bf5
16.Rc1 e5 17.dxe5 Nxe5 18.Qb3 Qd7 19.Red1 Kh8 20.Nd4 Bxh3 21.gxh3 Qxh3 22.Nxd5 Ng4
23.Bxg4 Qxg4+ 24.Kf1 Qh3+ 25.Ke1 Nxd5 26.Qxd5 Rae8 27.Rd3 Rd8 28.Qg5 Rde8
29.Kd2 Qh2 30.Qg3 Qh5 31.Kc2 Qa5 32.Kb1 b5 33.Nb3 Qb4 34.Rd7 Qe4+ 35.Ka1 Qf5
36.Qc7 Qf6 37.Bd4  1-0

[Event "Fide Mercenarios 2nd"]
[Site "MEX"]
[Date "1995.??.??"]
[Round "?"]
[White "Casillas, Jose J"]
[Black "Ruiz, Guillermo"]
[Result "1-0"]
[WhiteElo "2165"]
[BlackElo "2230"]

1.e4 c5 2.Nf3 Nc6 3.Bb5 g6 4.O-O Bg7 5.Re1 Nf6 6.c3 a6 7.Bf1 O-O 8.d4 cxd4
9.e5 Nd5 10.cxd4 d6 11.h3 b5 12.Bg5 Be6 13.Nbd2 Rc8 14.a3 dxe5 15.dxe5 Qb6
16.Rc1 Rfd8 17.Qe2 h6 18.Bh4 Bf5 19.g4 Be6 20.Qe4 b4 21.Bg3 bxa3 22.Nc4 Qa7
23.bxa3 a5 24.Bd3 Qd7 25.Red1 a4 26.Bb1 Qb7 27.Ba2 Qb5 28.Kh2 Kh7 29.Qe1 Qa6
30.Nfd2 Nd4 31.Qe4 Nb3 32.Nxb3 axb3 33.Bxb3 Nc3 34.Rxc3 Rxd1 35.Bxd1 Bxc4
36.Qc2 Be6 37.Rxc8 Bxc8 38.Be2 Qa8 39.Bd3 Be6 40.a4 Qd5 41.f4 Bd7 42.Bc4 Qf3
43.Qb3 Bc6 44.Qxf3 Bxf3 45.Bxf7 Bf8 46.Bh4 Kg7 47.Be6 g5 48.fxg5 hxg5 49.Bxg5 Kg6
50.h4 Bg7 51.Kg3 Bc6 52.Kf4 Bxa4 53.h5+ Kh7 54.Bxe7 Bd1 55.Bf6 Bf8 56.Bf7 Ba3
57.g5 Bc1+ 58.Ke4 Bc2+ 59.Kd4 Bb2+ 60.Ke3 Bf5 61.g6+  1-0